000 00660nam a2200241Ia 4500
003 OSt
005 20221007070816.0
006 a|||||r|||| 00| 0
007 ta
008 221006b |||||||| |||| 00| 0 eng d
024 _a4,422
037 _cTextual
040 _aFLL
_cFLL
_beng
041 _2eng
_aeng
082 _aZ2:5, K9
100 _aRamakrishna P.V. Au.
_9682646
245 0 _aTreatise on anti-corruption laws
260 _aHyderabad
_bThe Golconda Publications Ltd. India
_c1969
300 _a773p
_ccm.
650 _aCriminal law
_9601958
942 _hZ2:5, K9
_cTEXL
_2CC
999 _c1141585
_d1141585